Introduction to Bayesian econometrics / (Record no. 22509)
[ view plain ]
| 000 -LEADER | |
|---|---|
| fixed length control field | 00844cam a22002535a 4500 |
| 001 - CONTROL NUMBER | |
| control field | 016822122 |
| 005 - DATE AND TIME OF LATEST TRANSACTION | |
| control field | 20161128145421.0 |
| 008 - FIXED-LENGTH DATA ELEMENTS--GENERAL INFORMATION | |
| fixed length control field | 140804s2014 enka frb f001 0 eng d |
| 020 ## - INTERNATIONAL STANDARD BOOK NUMBER | |
| International Standard Book Number | 9781107436770 |
| 040 ## - CATALOGING SOURCE | |
| Original cataloging agency | StDuBDS |
| Language of cataloging | eng |
| Transcribing agency | StDuBDS |
| Modifying agency | EG-ScBUE |
| 082 04 - DEWEY DECIMAL CLASSIFICATION NUMBER | |
| Classification number | 330.015195 |
| Item number | GRE |
| Edition number | 22 |
| 100 1# - MAIN ENTRY--PERSONAL NAME | |
| Personal name | Greenberg, Edward, |
| Dates associated with a name | 1936- |
| 9 (RLIN) | 3330 |
| 245 10 - TITLE STATEMENT | |
| Title | Introduction to Bayesian econometrics / |
| Statement of responsibility, etc | Edward Greenberg. |
| 250 ## - EDITION STATEMENT | |
| Edition statement | 2nd ed. |
| 260 ## - PUBLICATION, DISTRIBUTION, ETC. (IMPRINT) | |
| Place of publication, distribution, etc | Cambridge : |
| Name of publisher, distributor, etc | Cambridge University Press, |
| Date of publication, distribution, etc | 2014. |
| 300 ## - PHYSICAL DESCRIPTION | |
| Extent | xix, 249 p. : |
| Other physical details | ill. (black and white) ; |
| Dimensions | 24 cm. |
| 504 ## - BIBLIOGRAPHY, ETC. NOTE | |
| Bibliography, etc | Includes bibliographical references and index. |
| 650 #7 - SUBJECT ADDED ENTRY--TOPICAL TERM | |
| Topical term or geographic name as entry element | Econometrics. |
| Source of heading or term | BUEsh |
| 9 (RLIN) | 3215 |
| 650 #0 - SUBJECT ADDED ENTRY--TOPICAL TERM | |
| Topical term or geographic name as entry element | Bayesian statistical decision theory. |
| Source of heading or term | BUEsh |
| 651 ## - SUBJECT ADDED ENTRY--GEOGRAPHIC NAME | |
| Source of heading or term | BUEsh |
| 653 ## - INDEX TERM--UNCONTROLLED | |
| Resource For college | BAEPS, Economics |
| Arrived date list | October2016 |
| -- | November2016 |
| 655 ## - INDEX TERM--GENRE/FORM | |
| Form subdivision | Reading book |
| -- | 34232 |
| 942 ## - ADDED ENTRY ELEMENTS (KOHA) | |
| Source of classification or shelving scheme | Dewey Decimal Classification |
| Withdrawn status | Item status | Source of classification or shelving scheme | Damaged status | Not for loan | Vendor | Home library | Current library | Shelving location | Date acquired | Source of acquisition | Cost, normal purchase price | Total Checkouts | Full call number | Barcode | Date last seen | Koha item type | Total Renewals | Date last borrowed |
|---|---|---|---|---|---|---|---|---|---|---|---|---|---|---|---|---|---|---|
| Dewey Decimal Classification | Baccah | Central Library | Central Library | First floor | 11/10/2016 | Purchase | 570.00 | 330.015195 GRE | 000033977 | 15/07/2025 | Book - Borrowing | |||||||
| Dewey Decimal Classification | Baccah | Central Library | Central Library | First floor | 28/11/2016 | Purchase | 570.00 | 330.015195 GRE | 000040120 | 15/07/2025 | Book - Borrowing | |||||||
| Dewey Decimal Classification | Baccah | Central Library | Central Library | First floor | 28/11/2016 | Purchase | 1 | 330.015195 GRE | 000040121 | 15/07/2025 | Book - Borrowing | 1 | 09/05/2018 |